00239nam a2200097Ia 4500008004100000020002500041245003300066260001200099260001000111300002000121191206s9999 xx 000 0 und d a9781846683237 (hbk.) 0aancient guide to modern life aProfile cc2010 a275 p. ; 23 cm.